banner-ar

RESEARCH METHODS IN LANGUAGE LEARNING / (Record no. 17830)

MARC details
000 -الفاتح
حقل البيانات ثابتة الطول 00479nam a2200181Ia 4500
008 - عناصر البيانات ثابتة الطول - معلومات عامة
حقل البيانات ثابتة الطول 140319s9999 xx 000 0 eng d
040 ## - مصدر الفهرسة
وكالة الفهرسة الأصلية GCL /
وكالة النسخ GCL
082 04 - رقم تصنيف ديوى العشرى
رقم التصنيف 418.007
رقم المادة N R
100 1# - المدخل الرئيسى - إسم شخصى
الإسم الشخصى NUNAN, DAVID
245 10 - بيان العنوان
العنوان RESEARCH METHODS IN LANGUAGE LEARNING /
بيان المسئوليه,etc NUNAN, DAVID
260 ## - PUBLICATION, DISTRIBUTION, ETC. (IMPRINT)
تاريخ النشر أو التوزيع 1992
300 ## - الوصف المادى
التعداد 245 P
650 04 - المدخل الاضافى بالموضوع-مصطلح موضوعى
مصطلح موضوعي STUDY AND TEACHING
650 04 - المدخل الاضافى بالموضوع-مصطلح موضوعى
مصطلح موضوعي METHODOLOGY
650 04 - المدخل الاضافى بالموضوع-مصطلح موضوعى
مصطلح موضوعي LANGUAGES
942 ## - عناصر المدخل الإضافي( كوها)
مصدر التصنيف او مخطط الترفيف Dewey Decimal Classification
Koha [default] item type كتاب
260 ## - PUBLICATION, DISTRIBUTION, ETC. (IMPRINT)
-- [S.N] :
-- CAMBRIBGE UNIVERSITY PRESS ،
Holdings
حالة التراجع حالة الفقد حالة تلف ليس للاعارة المكان المؤقت الموقع الحالى تاريخ الاكتساب اجمالي اﻻعارات رقم الطلب الباركود تاريخ اخر مشاهدة تاريخ تفعيل السعر نوع وعاء كوها
        مكتبة القاهرة الكبرى مكتبة القاهرة الكبرى 03/26/2014   418.007\N R 32222 03/26/2014 03/26/2014 كتاب

Powered By

EGPV